000 00658nam a2200217 i 4500
001 C2-0085621
003 PPAK
005 20180727090601.0
008 970430s1981 my |||| ||||| | may d
040 _aPPAK
_beng
_cPPAK
_erda
082 0 4 _a510.712595
_223
090 0 0 _a510.712595
_bBUK
_dKIH
245 0 0 _aBuku sumber Matematik untuk guru sekolah menengah
264 1 _aKuala Lumpur :
_bPusat Perkembangan Kurikulum, Kementerian Pelajaran ,
_c1981
300 _axx, 289 pages ;
_c22 cm
336 _2rdacontent
_atext
337 _2rdamedia
_aunmediated
338 _2rdacarrier
_avolume
650 1 0 _aMathematics - Study and teaching
942 _ddc
_cB
999 _c17202
_d17202